| 000 | 00970nam a22003255i 4500 | ||
|---|---|---|---|
| 999 |
_c1543 _d1543 |
||
| 001 | 21495124 | ||
| 003 | OSt | ||
| 005 | 20230112093440.0 | ||
| 008 | 200409s2020 cau j 000 0 eng | ||
| 010 | _a 2020936657 | ||
| 020 |
_a9781641702515 _q(hardback) |
||
| 040 |
_aDLC _beng _erda _cDLC _dKH8 |
||
| 042 | _apcc | ||
| 082 | _a823.9 MAC | ||
| 100 | 1 |
_aMacMillan, Kathy, _eauthor. |
|
| 245 | 1 | 4 |
_aThe runaway shirt / _cKathy MacMillan, Julia Castaño. |
| 263 | _a2009 | ||
| 264 | 1 |
_aSanger : _bFamilius, _c2020. |
|
| 300 |
_a 1 volume (unpaged) : _bcolor illustrations ; _c27 cm |
||
| 336 |
_atext _btxt _2rdacontent |
||
| 337 |
_aunmediated _bn _2rdamedia |
||
| 338 |
_avolume _bnc _2rdacarrier |
||
| 650 | _a Fiction Imagination | ||
| 650 | _aImagination Juvenile | ||
| 650 | _afiction Juvenile works | ||
| 700 | 1 |
_aCastaño, Julia, _eillustrator. |
|
| 906 |
_a0 _bibc _corignew _d2 _eepcn _f20 _gy-gencatlg |
||
| 942 |
_2ddc _cNFIC |
||